000 00801nai a2200217Ia 4500
003 IN-BaIIA
008 211028c9999 xx s 000 0 eng d
022 _a2168-2755 (Print)
022 _a2168-2763 (Online)
040 _cIIA Library
245 0 _aTransactions of the IRE Professional Group on Quality Control
_h[eJournal]
260 _aNew York, USA
_bThe Institute of Electrical and Electronics Engineers, Inc. (IEEE)
310 _aAnnually
362 _aPGQC-1; 1952 - PGQC-3; 1954
521 _bSubscribed through National Knowledge Resource Consortium (NKRC)
650 _a Aerospace
650 _a Transportation
650 _aSignal Processing and Analysis
_948813
856 _uhttps://ieeexplore.ieee.org/servlet/opac?punumber=5007101
_yClick Here to Access eJournal
942 _cEJ
999 _c35832
_d35832